000 00558nam a2200181 4500
001 140569
003 ES-MaACL
005 20230906200115.0
007 t|
008 070214s1960 sp r ||||1| spa d
100 1 _aSeavy, A. G.
_9105000
245 1 3 _aEl tornero mecánico /
_cA. G. Seavy ; ampliación y adaptación de Ricardo Ferrer Combeller.
250 _a9ª. ed.
260 _aBarcelona :
_bSerrahima y Urpi,
_c1960.
300 _a499 p. :
_bil. ;
_c22 cm.
700 1 _aFerrer Combeller, Ricardo.
_950450
852 _aES-MaACL
_jC-18420
_bR.46701
999 _c140569
_d140569